Teachings Of Swami Satyananda Saraswati (Record no. 1392503)
[ view plain ]
| 000 -LEADER | |
|---|---|
| fixed length control field | 00596nam a2200241Ia 4500 |
| 008 - FIXED-LENGTH DATA ELEMENTS--GENERAL INFORMATION | |
| fixed length control field | 160620s9999||||xx |||||||||||||| ||und|| |
| 040 ## - CATALOGING SOURCE | |
| Transcribing agency | English |
| 082 ## - DEWEY DECIMAL CLASSIFICATION NUMBER | |
| Classification number | XV.E/Satyananda |
| 082 ## - DEWEY DECIMAL CLASSIFICATION NUMBER | |
| Item number | BORI-88584 |
| 245 ## - TITLE STATEMENT | |
| Title | Teachings Of Swami Satyananda Saraswati |
| 300 ## - PHYSICAL DESCRIPTION | |
| Extent | 415 |
| 300 ## - PHYSICAL DESCRIPTION | |
| Other physical details | Six |
| 300 ## - PHYSICAL DESCRIPTION | |
| Dimensions | B |
| 300 ## - PHYSICAL DESCRIPTION | |
| Accompanying material | Paperback |
| 530 ## - ADDITIONAL PHYSICAL FORM AVAILABLE NOTE | |
| Availability source | Guru |
| 530 ## - ADDITIONAL PHYSICAL FORM AVAILABLE NOTE | |
| Uniform Resource Identifier | <a href="00088584.pdf">00088584.pdf</a> |
| 563 ## - BINDING INFORMATION | |
| Binding note | Ref |
| 630 ## - SUBJECT ADDED ENTRY--UNIFORM TITLE | |
| Uniform title | Teachings Of Swami Satyananda Saraswati |
| 650 ## - SUBJECT ADDED ENTRY--TOPICAL TERM | |
| Topical term or geographic name as entry element | Collected Works |
| 650 ## - SUBJECT ADDED ENTRY--TOPICAL TERM | |
| Topical term or geographic name as entry element | reference |
| 730 ## - ADDED ENTRY--UNIFORM TITLE | |
| Uniform title | Teachings Of Swami Satyananda Saraswati |
| 942 ## - ADDED ENTRY ELEMENTS (KOHA) | |
| Koha item type | Book |
| Withdrawn status | Lost status | Damaged status | Not for loan | Home library | Current library | Date acquired | Total Checkouts | Full call number | Barcode | Date last seen | Price effective from | Koha item type |
|---|---|---|---|---|---|---|---|---|---|---|---|---|
| Bhandarkar Oriental Research Institute, Pune | Bhandarkar Oriental Research Institute, Pune | 06/03/2003 | BORI-88584 | BORI-88584 | 06/21/2016 | 06/21/2016 | Book |